| 000 | 00612nam a2200241Ia 4500 | ||
|---|---|---|---|
| 008 | 180523s9999 xx 000 0 und d | ||
| 020 | _a981-247-065-4 | ||
| 050 | _aMAIN HF 1017 | ||
| 050 | _b.B53 2001 | ||
| 100 | _aBlack, Ken | ||
| 245 | 0 | _aBusiness statistics : | |
| 245 | 0 | _bcontemporary decision making / | |
| 245 | 0 | _cKen Black. | |
| 250 | _a3rd Edition | ||
| 260 | _aSingapore : | ||
| 260 | _bThomson Learning, | ||
| 260 | _c2001 | ||
| 300 | _a819 pages : | ||
| 300 | _billustrations ; | ||
| 300 | _c26 cm. | ||
| 500 | _aIncludes index. | ||
| 650 | _aCommercial statistics -- Textbooks. | ||
| 999 |
_c356993 _d356993 |
||